Questiones de iuris subtilitatibus.

Guardat en:
Dades bibliogràfiques
Autor principal: Irnerius (Autor)
Altres autors: Fitting, Hermann (Editor)
Format: Llibre
Publicat: Berlin, Walter de Gruyter & Co., 1894.
Matèries:
Etiquetes: Afegir etiqueta
Sense etiquetes, Sigues el primer a etiquetar aquest registre!

MARC

LEADER 00000nam a22000007a 4500
003 CL-VaPUC
005 20220822114903.0
008 220811t1977 ||||| |||| 00| 0 eng d
999 |c 438294  |d 438292 
040 |a DLC  |c Pontificia Universidad Católica de Valparaíso  |d DLC 
082 7 |a 340.54 IRN 1977  |2 22 
100 0 |a Irnerius,  |9 875448  |e author 
245 |a Questiones de iuris subtilitatibus. 
250 |b Nachdruck, 1977. 
260 |a Berlin,  |b Walter de Gruyter & Co.,   |c 1894. 
300 |a 98 páginas.  
500 |a c.1 Donación Familia Prof. Alejandro Guzmán Brito. 
583 |c 20220811  |k Cristina María Rojas Aguilar 
600 |a Irnerius,  |d 1050?-1130  |9 875449 
650 0 |a Derecho romano  |v Fuentes  |9 875450 
700 |a Fitting, Hermann  |e editor  |9 875451 
942 |2 ddc  |c BK  |n 0 
952 |0 0  |1 0  |2 ddc  |4 0  |6 340_540000000000000_IRN_1977  |7 1  |8 C_AGB  |9 586184  |a BIBDER  |b BIBDER  |d 2022-08-11  |e Donación   |i 5654095  |o 340.54 IRN 1977  |p 5654095  |r 2023-01-25  |t 1  |w 2022-08-11  |y BK_US  |k AGB